MESTSKÁ KNIŽNICA GIRALTOVCE  - online katalóg 

Pražská misia (Record no. 23329)

000 -NÁVESTIE
fixed length control field 02170cam a2200613 4500
001 - EVIDENČNÉ ČÍSLO ZÁZNAMU - Kontrolné číslo
control field vtls011823893
005 - DÁTUM A ČAS POSLEDNEJ TRANSAKCIE
control field 20221003074200.0
008 - ÚDAJE S PEVNOU DĹŽKOU – VŠEOBECNÉ INFORMÁCIE
fixed length control field 210624s2018 xo o grhn 000 fbslo
020 ## - MEDZINÁRODNÉ ŠTANDARDNÉ ČÍSLO KNIHY (ISBN)
Medzinárodné štandardné číslo knihy (ISBN) 9788081641657
Qualifying information (viazané)
035 ## - Iný štandardný identifikátor
Iný štandardný identifikátor 37B08CF9-4940-46F9-B4F7-8A7EF9E808E5
035 ## - Iný štandardný identifikátor
Iný štandardný identifikátor urn:nbn:sk:snk-am3id30
035 ## - Iný štandardný identifikátor
Iný štandardný identifikátor urn:nbn:sk:snk-am00e3zf
040 ## - ZDROJ KATALOGIZÁCIE
Pôvodná katalogizujúca agentúra PPPK
Jazyk katalogizácie slo
Prepisujúca agentúra PPPK
Modifikujúca agentúra SNK
Konvencie popisu rda
041 1# - KÓD JAZYKA
Kód jazyka textu/zvukovej stopy alebo samostatných nápisov slo
Kód jazyka originálu a/alebo sprostredkujúcich prekladov textu eng
044 ## - KÓD KRAJINY VYDAVATEĽA/PRODUCENTA
Kód krajiny MARC xo
Kód krajiny ISO SK
072 #7 - KÓD PREDMETOVEJ KATEGÓRIE
Kód predmetovej kategórie 821.111(73)-3
Pododdiel kódu predmetovej kategórie Americká próza
Zdroj konspekt
072 #7 - KÓD PREDMETOVEJ KATEGÓRIE
Kód predmetovej kategórie 929
Pododdiel kódu predmetovej kategórie Biografie
Zdroj konspekt
080 ## - ČÍSLO MEDZINÁRODNÉHO DESATINNÉHO TRIEDENIA (MDT)
Číslo Medzinárodného desatinného triedenia (MDT) 821.111(73)-31
Identifikátor vydania 2011
080 ## - ČÍSLO MEDZINÁRODNÉHO DESATINNÉHO TRIEDENIA (MDT)
Číslo Medzinárodného desatinného triedenia (MDT) (0:82-312.6)
Identifikátor vydania 2011
080 ## - ČÍSLO MEDZINÁRODNÉHO DESATINNÉHO TRIEDENIA (MDT)
Číslo Medzinárodného desatinného triedenia (MDT) 94(100)"1939/1945"
Identifikátor vydania 2011
080 ## - ČÍSLO MEDZINÁRODNÉHO DESATINNÉHO TRIEDENIA (MDT)
Číslo Medzinárodného desatinného triedenia (MDT) (0:82-311.6)
Identifikátor vydania 2011
080 ## - ČÍSLO MEDZINÁRODNÉHO DESATINNÉHO TRIEDENIA (MDT)
Číslo Medzinárodného desatinného triedenia (MDT) 329.18
Identifikátor vydania 2011
080 ## - ČÍSLO MEDZINÁRODNÉHO DESATINNÉHO TRIEDENIA (MDT)
Číslo Medzinárodného desatinného triedenia (MDT) (437.311)
Identifikátor vydania 2011
100 1# - OSOBNÉ MENÁ – VŠEOBECNÉ INFORMÁCIE
Osobné meno Joukowsky, Artemis
Kód roly aut
-- 3338
240 10 - UNIFIKOVANÝ NÁZOV
Unifikovaný názov Defying the Nazis: The Sharps' war
Jazyk diela Slovensky
245 10 - NÁZOV
Názov Pražská misia
Údaj o zodpovednosti atď. Artemis Joukowsky ; s predslovom Kena Burnsa ; z anglického originálu Defying the Nazis: The Sharps' war ... preložil František Kôpka
250 ## - ÚDAJ O PORADÍ VYDANIA
Údaj o poradí vydania Vydanie prvé
264 #1 - VYDAVATEĽSKÉ ÚDAJE, DISTRIBÚCIA ATĎ. - RDA
Miesto publikovania, distribúcie atď. [Bratislava]
Názov vydavateľa, distibútora atď. Motýľ
Dátum publikovania, distribúcie atď. 2018
300 ## - FYZICKÝ POPIS
Rozsah 319 strán
Ďalšie fyzické detaily fotografie
Rozmery 21 cm
336 ## - TYP OBSAHU
Typ obsahu - termín text
Typ obsahu - kód txt
Zdroj rdacontent
337 ## - TYP MÉDIA
Typ média - termín bez média
Typ média - kód n
Zdroj rdamedia
338 ## - TYP NOSIČA
Typ nosiča - termín zväzok
Typ nosiča - kód nc
Zdroj rdacarrier
500 ## - VŠEOBECNÁ POZNÁMKA
Formátovaná poznámka o obsahu Miesto vydania podľa NA ISBN
600 17 - PRIDANÝ VSTUP – PREDMET – OSOBNÉ MENO
Osobné meno Sharp, Martha,
Dátumy súvisiace s menom 1905-1999
Zdroj hesla alebo termínu SNKMA
-- 3339
600 17 - PRIDANÝ VSTUP – PREDMET – OSOBNÉ MENO
Osobné meno Sharp, Waitstill,
Dátumy súvisiace s menom 1902-1983
Zdroj hesla alebo termínu SNKMA
-- 3340
650 07 - PRIDANÝ VSTUP – PREDMET – TEMATICKÉ HESLO
Tematické heslo alebo geografický názov ako vstupný prvok fašizmus
Zdroj hesla alebo termínu SNKPH
-- 3341
650 07 - PRIDANÝ VSTUP – PREDMET – TEMATICKÉ HESLO
Tematické heslo alebo geografický názov ako vstupný prvok druhá svetová vojna (1939-1945)
Zdroj hesla alebo termínu SNKPH
-- 1735
650 07 - PRIDANÝ VSTUP – PREDMET – TEMATICKÉ HESLO
Tematické heslo alebo geografický názov ako vstupný prvok Fascism
Zdroj hesla alebo termínu SNKPHeng
-- 3342
650 07 - PRIDANÝ VSTUP – PREDMET – TEMATICKÉ HESLO
Tematické heslo alebo geografický názov ako vstupný prvok World War (1939-1945)
Zdroj hesla alebo termínu SNKPHeng
-- 1740
651 #7 - PRIDANÝ VSTUP – PREDMET – GEOGRAFICKÝ NÁZOV
Geografický názov Praha (Česko)
Zdroj hesla alebo termínu SNKPHgeo
-- 3343
651 #7 - PRIDANÝ VSTUP – PREDMET – GEOGRAFICKÝ NÁZOV
Geografický názov Prague (Czech Republic)
Zdroj hesla alebo termínu SNKPHeng
-- 3344
655 #7 - INDEXAČNÝ TERMÍN – ŽÁNER/FORMA
Údaje o žánri/forme alebo termín, ktorý je prvok fazety americké romány
Zdroj termínu SNKPH
-- 2
655 #7 - INDEXAČNÝ TERMÍN – ŽÁNER/FORMA
Údaje o žánri/forme alebo termín, ktorý je prvok fazety biografické romány
Zdroj termínu SNKPH
-- 2126
655 #7 - INDEXAČNÝ TERMÍN – ŽÁNER/FORMA
Údaje o žánri/forme alebo termín, ktorý je prvok fazety American novels
Zdroj termínu SNKPHeng
-- 1670
655 #7 - INDEXAČNÝ TERMÍN – ŽÁNER/FORMA
Údaje o žánri/forme alebo termín, ktorý je prvok fazety Biographical novels
Zdroj termínu SNKPHeng
-- 2127
655 #7 - INDEXAČNÝ TERMÍN – ŽÁNER/FORMA
Údaje o žánri/forme alebo termín, ktorý je prvok fazety War novels
Zdroj termínu SNKPHeng
-- 3068
655 #7 - INDEXAČNÝ TERMÍN – ŽÁNER/FORMA
Údaje o žánri/forme alebo termín, ktorý je prvok fazety vojnové romány
Zdroj termínu SNKPH
-- 3067
700 1# - PRIDANÝ VSTUP – OSOBNÉ MENO
Osobné meno Kôpka, František
Tituly a iné slová súvisiace s menom (prekladateľ)
Kód roly trl
-- 3345
700 1# - PRIDANÝ VSTUP – OSOBNÉ MENO
Osobné meno Burns, Ken
Kód roly aui
-- 3346
958 ## - Formálny deskriptor
Formálny deskriptor LX
958 ## - Formálny deskriptor
Formálny deskriptor UP
958 ## - Formálny deskriptor
Formálny deskriptor BC
958 ## - Formálny deskriptor
Formálny deskriptor NB
Holdings
Stav stiahnutia (Blokovanie) (Withrawn status) Stav straty Zdroj klasifikácie pre skladovanie Stav poškodenia (Damaged status) Nie pre výpožičky (Not for loan) Spôsob nadobudnutia (Collection code) Trvalé umiestnenie Aktuálne umiestnenie Dátum nadobudnutia Náklady, bežná kúpna cena Inventárne číslo (prírastkové číslo) Celkom výpožičky Full call number Čiarový kód Dátum posledného výskytu Dátum poslednej výpôžičky Cena s účinnosťou od Typ jednotky Koha
          Kúpa Mestská knižnica Giraltovce Mestská knižnica Giraltovce 2022-10-03 3.00 21662 3 B10510 B10510 2023-07-06 2023-06-15 2022-10-03 Krásna literatúra pre dospelých

Powered by Koha